| 000 | 00664nam a2200241Ia 4500 | ||
|---|---|---|---|
| 008 | 160803s9999 xx 000 0 und d | ||
| 020 | _a9780439746397 | ||
| 100 | _aBlevins, Wiley | ||
| 245 | _aHere's a hint : | ||
| 245 | _ba book of riddles / | ||
| 245 | _cWiley Blevins. | ||
| 260 | _aNew York : | ||
| 260 | _bScholastic Inc. | ||
| 260 | _c2006 | ||
| 300 | _a8 pages : | ||
| 300 | _bcolor illustrations ; | ||
| 300 | _c23 cm. | ||
| 440 | _aScholastic FX books, | ||
| 440 | _vbk. 2. | ||
| 500 | _a"This edition is only available for distribution through the school market"--Page [4] cover. | ||
| 650 | _aRiddles, Juvenile. | ||
| 700 | _aBR | ||
| 999 |
_c298924 _d298924 |
||